Régimen jurídico de la contabilidad pública (Registro nro. 3910)
[ vista simple ]
| 000 -LEADER | |
|---|---|
| fixed length control field | 00975 a2200205 4500 |
| 001 - CONTROL NUMBER | |
| control field | 45074 |
| 005 - DATE AND TIME OF LATEST TRANSACTION | |
| control field | 20260407155726.0 |
| 008 - FIXED-LENGTH DATA ELEMENTS--GENERAL INFORMATION | |
| fixed length control field | 260407a1955 arg spa d |
| 003 - CONTROL NUMBER IDENTIFIER | |
| control field | AR-UNSa-BCEJYS |
| 040 ## - CATALOGING SOURCE | |
| Original cataloging agency | AR-UNSa-BCEJYS |
| Language of cataloging | spa |
| Transcribing agency | AR-UNSa-BCEJYS |
| 080 ## - UNIVERSAL DECIMAL CLASSIFICATION NUMBER | |
| Universal Decimal Classification number | 351.72 |
| Common auxiliary subdivision | Finanzas públicas. Legislación (Contabilidad Pública, Administración financiera...) |
| 041 ## - LANGUAGE CODE | |
| Language code of text/sound track or separate title | spa |
| 100 1# - MAIN ENTRY--PERSONAL NAME | |
| Personal name | Bilesa, Rafael |
| 245 10 - TITLE STATEMENT | |
| Title | Régimen jurídico de la contabilidad pública |
| 264 #1 - PRODUCTION, PUBLICATION, DISTRIBUTION, MANUFACTURE, AND COPYRIGHT NOTICE | |
| Place of production, publication, distribution, manufacture | Buenos Aires : |
| Name of producer, publisher, distributor, manufacturer | Roque Depalma Editor |
| Date of production, publication, distribution, manufacture, or copyright notice | 1955 |
| 300 ## - PHYSICAL DESCRIPTION | |
| Extent | 156 p. |
| Dimensions | 23 cm. |
| 505 ## - FORMATTED CONTENTS NOTE | |
| Formatted contents note | 1. Principios generales - 2. Funciones del contralor - 3. Procedimientos y actos jurisdiccionales - 4. La gestión administrativo financiera "de hecho" - 5. El compromiso en la contabilidad administrativa y los acreedores del fisco - 6. Régimen de la responsabilidad en la Ley 12.961 - 7. Decisiones de la contaduría general de la Nación - |
| 590 ## - LOCAL NOTE (RLIN) | |
| Local note | niveau_biblio:m niveau_hierar:0 |
| 942 ## - ADDED ENTRY ELEMENTS (KOHA) | |
| Koha item type | |
| Withdrawn status | Lost status | Damaged status | Not for loan | Home library | Current library | Shelving location | Date acquired | Total checkouts | Full call number | Barcode | Date last seen | Price effective from | Koha item type |
|---|---|---|---|---|---|---|---|---|---|---|---|---|---|
| Biblioteca Prof. Eusebio Cleto del Rey | Biblioteca Prof. Eusebio Cleto del Rey | 07/04/2026 | 351.72 B595 | L20427 | 07/04/2026 | 07/04/2026 | Libro |